00957cam a22002657a 4500003000500000005001700005008004100022010001000063011001000073020001500083035001000098040000900108082001800117100002900135245011300164260008800277300001100365410006300376490005700439650002200496650003100518700002200549810006300571830005700634CHAP20220329141911.0980508d1998 us r 00110 eng d a75479 a76451 a1878367315 a86036 cCHAP04a333.0972bC6700aCornelius, Wayne A.eed.14aThe transformation of rural Mexico :breforming the ejido sectorc/ed. by Wayne A. Cornelius and David Myhre aSan Diego , Ca. :bUniversity of California. Center of U.S. Mexican Studies,c1998. a437 p.21aUniversity of California. Center for U. S.-Mexican Studies 0aU.S. México contemporary perspectives seriesv; 1214aEjidoszMéxico.14aReforma agrariazMéxico.0 aMyhre, Davideed.00aUniversity of California. Center for U. S.-Mexican Studies00aU.S. México contemporary perspectives seriesv; 12